La antropología como ciencia

Kaydedildi:
Detaylı Bibliyografya
Yazar: Llobera, José R. (autor)
Materyal Türü: Kitap
Dil:İspanyolca
Baskı/Yayın Bilgisi: Barcelona Anagrama 1988
Edisyon:2a. ed
Seri Bilgileri:Biblioteca Anagrama de Antropología, 2
Konular:
Etiketler: Etiketle
Etiket eklenmemiş, İlk siz ekleyin!

MARC

LEADER 00000nam a2200000 a 4500
001 UCP0410
003 CL-VaPUC
008 990313e19880000SP |||||||||||||||||spa|d
082 0 4 |a 301  |b LLO  |2 21 
100 |a Llobera, José R.  |e autor  |9 425716 
245 1 3 |a La antropología como ciencia 
250 |a 2a. ed 
300 |a 389 p 
942 |c BK 
945 |d 19990313 00:00:00  |a rbrito 
260 |a Barcelona  |b Anagrama  |c 1988 
650 0 |a Antropología   |9 233030 
650 0 |a Etnología   |9 258726 
650 0 |a Antropología social  |9 306264 
650 0 |a Etnografía   |9 309735 
650 0 |a Epistemología   |9 264994 
583 |a last modification  |c 19990313 00:00:00  |k Rodrigo Vera 
490 0 |a Biblioteca Anagrama de Antropología, 2 
999 |c 279227  |d 279225 
952 |0 0  |1 0  |2 ddc  |4 0  |6 301_000000000000000_LLO_1988  |7 0  |8 A  |9 318187  |a BIBCUR  |b BIBCUR  |c PAC  |d 2019-11-20  |i 3503860  |o 301 LLO 1988  |p 3503860  |r 2025-04-22  |w 2019-11-20  |y BK  |k PER